| 000 | 00389pam a2200145 a 4500 | ||
|---|---|---|---|
| 020 |
_a9781447165538 _c |
||
| 041 | _aeng | ||
| 082 |
_a617.3 _bTRA |
||
| 100 | _aTRAIL I . A . FLEMING A .N . . | ||
| 245 |
_aDISORDER OF THE HAND INFLAMATION ARTHITIS & CONTRACTURS VOL .3 _hTextual Documents |
||
| 260 |
_bSPRINGER _c2015 |
||
| 300 |
_a261: _bXII; _cHB. |
||
| 930 | _a7529 | ||
| 999 |
_c802056 _d802056 |
||
| 650 | _aORTHO | ||